IEP Lyon - CF Histoire 1870 (1) - Statistiques

Statistiques générales
  • Ce quiz a été pris 106 fois
  • Le résultat moyen est 31 sur 80
Statistiques - réponses
Hint Réponse % Correct
Les principes de la 3ème Républiques sont hérités de la .... Révolution Française
89%
Date de la proclamation de la 3ème République (jour mois année) 4 septembre 1870
73%
Contexte de la révolte parisienne : - les parisiens ont vécu un siège très dur - Thiers veut désarmer la capitale (atteinte à leur autonomie) - le gouvernement se réinstalle non pas à Paris mais à ... Versailles
71%
Quelle est "l'Année Terrible" du 19ème siècle en France ? (d'après Victor Hugo) 1870
64%
Suite à la défaite est mis en place un gouvernement de ... ... (2 mots) dirigé par le général Trochu Défense Nationale
64%
2 risques apparaissent alors : - provinces qui veulent s'organiser elles-mêmes pour se défendre - isolement de ... qui s'organise de façon autonome avec le comité de défense centrale -> appel à une République démocratique et sociale Paris
64%
La semaine du 21 au 28 mai 1871 est appelée semaine .... (7000 victimes) sanglante
64%
Néanmoins, ses rares expériences laissent une expérience politique avec notamment l'expérience du ... (s.. municipal en 1831 et s.. universel en 1848) vote/suffrage
64%
Dans cette assemblée, la majorité est ... (400 sur 600 sièges) monarchiste
62%
Parmi cette 1ère catégorie, il y 200 légitimistes (comte de Chambord, traditionnalistes) et 200 ....(comte de Paris, plus libéraux) orléanistes
62%
La Révolution a radicalisé la question ... (nationalisation des biens du clergé, hostilité de la communauté ... vis-à-vis des principes républicains) religieuse
62%
Les élections au Sénat donnent une petite majorité conservatrice mais les élections législative donnent une majorité ... (360/555) républicaine
62%
Adolphe Thiers, chef de l'exécutif (nommé le 17 fev 1871), est choisi car il est à la fois libéral mais reste très ... (= satisfait tout le monde) conservateur
60%
En 1870, la République est le régime que les français ont connu le ... (1848 échec cuisant) moins
60%
Qui est le 2ème président de la 3ème République ? Patrice de Mac Mahon
60%
Les élections partielles voient la victoire des ... : la république transitoire dure républicains
60%
Ensuite il y a 200 ... divisés (au pluriel) républicains
58%
- République "blanche" (des ... qui restent en majorité au gouvernement) conservateurs/monarchistes
56%
La Commune prend des mesures ... (annulation des loyers dus depuis août 1870, recensement des ateliers abandonnés et encouragement à la fondation de coopératives ouvrières, interdiction du travail de nuit des boulangers, suppression des amendes fixées par les patrons) sociales
56%
Crise du .. ... .. : discussion à l'AN sur la restauration du pouvoir temporaire du Pape (condamné avec la prise de Rome en 1870) Mac Mahon VS Gambetta qui dit "le cléricalisme, voilà l'ennemi" 16 mai 1877
53%
Date de la défaite de Sedan (jour mois année) 2 septembre 1870
53%
C'est une désillusion, l'armée est battue, Paris est ... (17 septembre) et Gambetta démissionne encerclée/assiégée
53%
Les républicains détournent des évènements publics comme des ... ou des ... (l'un ou l'autre au pluriel) pour manifester leur opposition à la monarchie. funérailles/banquets
53%
Il est remplacé par ... ..., républicain qui dit qu'il n'exercera jamais son droit de dissolution. Jules Grévy
53%
Date de début de la Commune de Paris (jour mois année) 18 mars 1871
51%
Ex : DDHC du 26 août 1789 promeut les ... ... (2 mots) libertés individuelles
51%
Qui a écrit L'étrange défaite (1946), dans lequel on voit une critique de la culture politique de la 3ème République ? Marc Bloch
51%
Ils appartiennent aux nouvelles couches sociales et se réclament du ... d'Auguste Comte (société obéit à des lois aussi immuables que la nature) positivisme
51%
La Révolution a accentué le fait que la France est un pays de petits ... (Code Civil 1804 : citoyen-paysan) propriétaires
51%
- République "..." (perception de la Commune) : sociale, démocratie directe (ça dégage après la semaine sanglante) rouge
51%
Mais le chef du gouvernement est Albert de Broglie qui veut gagner du ... car le Comte de Chambord possède des positions intransigeantes sur le retour à la monarchie (ex : drapeau blanc), ce qui bloque une restauration monarchique temps
47%
Les 150 modérés menés par ... sont prêts à faire des concessions pour une République conservatrice mais les 50 plus intransigeant menés par Léon Gambetta sont partisans de la République à tout prix. Jules Ferry
44%
Un côté radical avec ... qui veut un gouvernement parlementaire à l'anglaise appuyé sur la majorité à l'Assemblée. Veut affirmer l'autorité de l'Etat sur le plan poltique et politique. Anti-cléricaliste et anti-monarchiste Léon Gambetta
42%
La "souveraineté absolue de la représentation nationale" dite indivisible et infaillible est mise en avant dans le ... .. ... .. .... du 17 juin 1789 (5 mots) Serment du Jeu de Paume
42%
Un autre objectif est de redresser la force militaire française avec notamment la loi sur le ... .... en juillet 1872 qui passe à 5 ans (2 mots) service militaire
42%
Elections 1881 (bcp d'abstention 31,4%) : ultra-majorité des républicains mais pas de majorité ... donc il va falloir composer entre les différents mouvements absolue
40%
A partir de 1881, le gouvernement est ... (changements fréquents; régime impopulaire; contestations de la droite et contestation ouvrière) instable
40%
L'armistice est signée tardivement le ... .... ... car il fallait un pouvoir constitué. 28 janvier 1871
38%
Mac Mahon doit céder à la pression de l'... Assemblée
38%
L'assemblée tente de limiter les pouvoirs de Thiers avec la loi ... (dite ainsi car très protocolaire/compliquée) du 13 mars 1873 : Thiers n'a plus le droit d'être député et ne peut plus contrôler les parlementaires. (1 mot au féminin) chinoise
38%
Les républicains ont aussi vécu la ... durant le 19ème siècle (clandestinité, sociétés secrètes) répression
38%
La perspective de la restauration monarchique s'efface et la République semble solide. Mais il y a une ... au sein des républicains division/scission
36%
Il y a un désaccord sur le sens de la République: - République "bleue" (portée par ...) : patriote, citoyens en arme avec un Etat fort Léon Gambetta
36%
- une politique répressive (épuration administration, censure, interdiction 14 juillet) - une politique d'attente pour la restauration monarchique avec notamment la loi du 19 novembre 1873 sur le ... (pour gagner du temps ta capté) septennat
36%
Son 1er objectif est de signer la paix, qui est signée avec le traité de Francfort le .. ... 1871 (jour mois) 10 mai
33%
Le Sénat est gagné aux républicans en .... (année) 1879
33%
La Révolution a effacé les ... ... (dialogue direct entre le citoyen et l'Etat) (2 mots). La question sociale est écartée pendant la Révolution. corps intermédiaires
33%
Dans cet héritage s'inscrit aussi l'idée de ... de la nation avec l'image du citoyen combattant. défense
33%
Et finalement un côté d'extrême-gauche avec ... qui prône une République démocratique et sociale, séparation église-Etat, démocratie directe Georges Clemenceau
33%
La Commune est une insurrection républicaine et ... (volonté de souveraineté directe, participation des travailleurs) populaire
33%
De cet héritage découle aussi des ... politiques (clubs, comités ou Journées Révolutionnaires) pratiques
33%
mais ... (doit avoir la majorité) limité
31%
François Furet dit que "la république est arrivée au ... dans les années 1880" port
31%
La chambre des députés est élue le ... .... ... à la demande des Prussiens avant l'armistice (mais le vote offre un miroir déformé de l’opinion des français car condition de vote encore difficile en raison de l’invasion, de la guerre) -> volonté de paix 8 février 1871
29%
Pour consolider son pouvoir et éviter de poser la question de la forme du régime, c'est le pacte de ... le ... .... 1871 (ville jour mois) Bordeaux 10 mars
27%
- Sécularisation de l'espace public (ex : suppression de l'interdiction de travailler le dimanche en 1879; suppression des prières publiques lors de l'ouverture de la session parlementaire en 1884; 27 juillet 1884 loi sur le ... divorce
27%
Broglie est à la tête d'un gouvernement dit d'... .... qui mène (2 mots) : - une politique cléricale ordre moral
27%
3 grands axes pour des grandes lois républicaines : - Garantie des libertés individuelles (donner un exemple sous la forme : nom année) presse 1881 / réunion 1881 / conseils municipaux 1882 / élection maires 1884 / syndicats 1884
27%
En 1876 on a une succession d'... (1 mot au pluriel) élections
24%
Pour stabiliser les institutions républicaines est voté le .. .... ... l'amendement ... (jour mois année nom) : explicitation les pouvoirs du président de la République qui est élu à la majorité des suffrages par le Sénat et la Chambre des députés réunis en Assemblée Nationale pour 7 ans et est rééligible --> institutionnalisation de la République 30 janvier 1875 Wallon
22%
Le ... et ... .... ...(jour jour mois année) sont votées des lois sur le Sénat et l'organisation des pouvoirs publics. 24 25 février 1875
20%
- Réforme scolaire (donner exemple sous la forme nom année) gratuité 16 juin 1881 / obligation / laïcité 1882
20%
Mac Mahon démissionne en ... .... (mois année) janvier 1879
20%
Les républicains qui arrivent au pouvoir cette année (Gambetta, Ferry, Clemenceau) sont ... (adjectif au pluriel) jeunes
20%
Un côté plus modéré avec ... qui est républicaniste modéré et ... (se baser sur des occasions pour fonder la République. Pour lui le progrès se produit dans les idées puis moeurs pour enfin passer dans la loi. (Nom adjectif) Jules Ferry opportuniste
20%
Politique de ... : Marseillaise hymne national en 1879, 14 juillet fête nationale en 1880 et Communards amnistiés la même année. réconciliation
20%
Conclusion : 1884, l'... de la République ? acmé
16%
Face à la Prusse sur préparée, l'armée française est ... (au féminin) désorganisée
16%
Pourquoi les 48ards (2ème République) se la raclent ? Ils se réclament de grandes ... (suffrage universel, abolition de l'esclavage) lois
16%
La République s'impose sans trop de ... (d'abord Lyon puis Paris), est surtout proclamée par défaut (enjeu essentiel est de résister à l'invasion) contestation
13%
La 2ème République a aussi été une expérience négative en tant que réservoir de ...-... (erreurs à ne pas faire contre-exemples
13%
Cette crise met en avant l'idée que le président de la République doit rester ... au débat parlementaire (possède le pouvoir de dissolution mais en pratique se met en retrait) extérieur
13%
Le manifeste des ... est signé par tous les députés républicains dans lesquels ils disent qu'ils considèrent que Mac Mahon 363
11%
Thiers propose que la République devienne le régime légal de la France le ... .... ... mais l'Assemblée s'y oppose et essaie de l'écarter. 13 novembre 1872
9%
Le Président de la République a un pouvoir ... (dissolution/ suspension de l’Assemblée pendant 1 mois) étendu
9%
La marge de manoeuvre ... du président est limitée (doit demander une rallonge à l'Assemblée Nationale qui peut s'y opposer) financière
4%
En 1884, la République est considérée comme la forme du gouvernement la plus .... malgré des divisions internes légitime/acceptable
4%
La Commune instaure un contexte de ... .... qui joue un rôle majeur dans l'installation de la 3ème République (2 mots) peur collective
4%
En pratique, le président a une position en ..., avec un pouvoir ..., mais une influence .... (les 3 mots à la suite avec les accords) surplomb limité réelle
4%
Le rôle du Sénat est aussi défini : - pouvoir de ... d'un projet de loi - perturbe certains gouvernements en concentrant toutes les demandes de révision constitutionnelle blocage
2%
Aucun quiz correspondant
Distribution des résultats
% des personnes avec chaque résultat
Percentile par nombre de réponses
Votre historique - résultats
Vous n’avez pas pris ce quiz